000 00774nam a2200217 i 4500
001 142782
003 ES-MaACL
005 20250903020535.0
007 t|
008 071010s1961 sp ||||1| spa d
080 _a51(076)
100 1 _aVidal Abascal, Enrique.
_9114464
245 1 0 _aProblemas de matemáticas /
_cE. Vidal Abascal.
260 _aMadrid :
_bDossat,
_c1961.
300 _aXI, 218 p. ;
_c25 cm.
490 1 _aCurso Selectivo y de Iniciación de las Facultades de Ciencias y Escuelas Superiores de Ingenieros
650 1 4 _aMatemáticas-
_vProblemas
_914830
830 0 _aCurso Selectivo y de Iniciación de las Facultades de Ciencias y Escuelas Superiores de Ingenieros
_9220512
852 _aES-MaACL
_jG-6830
_bR.47580
999 _c142782
_d142782